000 00471cam a22001934a 4500
005 20250605164152.0
008 250528s ||||||||||||||||||||||||d
035 _a19437
020 _a9607185137
040 _aGR-AtMCL
_bgre
_dGR-AtMCL
_eAACR2
245 1 _aΜΗ ΦΟΒΑΣΤΕ ΤΟΥΣ ΥΠΟΛΟΓΙΣΤΕΣ
250 _a1
260 _bΔηλος,
_c1995
300 _a354
700 1 _aTurley James L
_95690
942 _cBK
999 _c4693
_d4693